Top 3 Highest Ranked Players on Each NHL Team - Statistics

General Stats
  • This quiz has been taken 404 times
    389 since last reset
  • The average score is 44 of 90
Answer Stats
Team Player % Correct
PIT Crosby
88%
PIT Malkin
85%
BUF E. Kane
80%
CHI P. Kane
80%
DAL Benn
79%
WSH Ovechkin
78%
EDM McDavid
77%
DAL Seguin
77%
TBL Stamkos
77%
NYI Tavares
77%
CHI Toews
76%
BOS Bergeron
74%
OTT Karlsson
74%
STL Backes
71%
PIT Kessel
71%
LAK Kopitar
71%
SJS Burns
68%
VAN D. Sedin
68%
ANA Getzlaf
68%
VAN H. Sedin
68%
WSH Backstrom
67%
ANA Perry
67%
MON Price
67%
LAK Doughty
66%
EDM Hall
66%
BOS Rask
66%
PHI Giroux
65%
LAK Quick
65%
WIN Wheeler
65%
MON Subban
64%
COL MacKinnon
63%
SJS Pavelski
63%
NYR Lundqvist
61%
NSH Weber
59%
DET Zetterberg
59%
STL Tarasenko
58%
CAL Gaudreau
57%
CAR Staal
57%
WSH Holtby
56%
NYR Nash
56%
TBL Bishop
54%
SJS Couture
53%
COL Landeskog
53%
FLO Luongo
52%
NSH Rinne
52%
CBJ Bobrovsky
48%
BUF Eichel
48%
NSH Forsberg
48%
PHI Voracek
48%
DET Datsyuk
47%
TOR Kadri
46%
MON Pacioretty
46%
WIN Byfuglien
45%
CHI Hossa
45%
FLO Huberdeau
45%
MIN Parise
45%
CAL Giordano
44%
ARI Smith
43%
COL Duchene
42%
BUF O'Reilly
42%
ARI Ekman-Larsson
40%
EDM Eberle
39%
FLO Ekblad
37%
TBL Johnson
36%
ANA Kesler
35%
NJD Schneider
35%
CBJ Foligno
33%
CAR Skinner
31%
MIN Dubnyk
30%
NYI Okposo
29%
OTT Ryan
27%
NYI Halak
26%
CBJ Johansen
26%
PHI Simmonds
26%
NYR Kreider
23%
WIN Ladd
23%
BOS Krug
22%
ARI Domi
21%
CAR Faulk
21%
DAL Sharp
21%
OTT Turris
21%
STL Shattenkirk
18%
TOR Bernier
16%
NJD Henrique
15%
CAL Hudler
12%
DET Nyquist
11%
MIN Pominville
10%
VAN Vrbata
10%
TOR Van Reimsdyk
8%
NJD Cammalleri
6%
No matching quizzes found
Score Distribution
Percent of People with Each Score
Percentile by Number Answered
Your Score History
You have not taken this quiz since the last reset